Elazığ eğitim tarihi (Record no. 6352)

MARC details
000 -BAŞLIK
Sabit Uzunlukta Kontrol Alanı 00651na a2200229 4500
001 - KONTROL NUMARASI
Denetim Alanı 19338
003 - KONTROL NUMARASI IDENTIFIER
Denetim Alanı MIRAKIL
005 - SON İŞLEM TARİHİ VE ZAMANI
Denetim Alanı 20181213155105.0
008 - SABİT-BOY VERİ ELEMANLARI - GENEL BİLGİLER
Sabit Uzunlukta Kontrol Alanı 161213b tu 000 0
020 ## - ULUSLARARASI STANDART KİTAP NUMARASI
Uluslararası Standart Kitap Numarası 9786053781660
040 ## - KATALOGLAMA KAYNAK
Orijinal Kataloglama Ajansı Milas
Kataloglama Dili tur
Metne Dönüştürmek Ajansı TR-AnCHP
041 ## - DİL KODU
Metin / Ses Parça Veya Ayrı Başlığın Dil Kodu tur
082 ## - DEWEY ONLU SINIFLANDIRMA NUMARASI
Sınıflandırma Numarası 370.56653
Ürün Numarası E42 2010
090 ## - SINIFLAMA NUMARASI
Sınıflama Numarası 370.56653 E42 2010
245 ## - BAŞLIK TABLOSU
Başlık Elazığ eğitim tarihi
Sorumluluk Tablosu, Vb Elazığ Milli Eğitim Müdürlüğü
260 ## - YAYIN, DAĞITIM, VB
Yayın, Dağıtım, Vb Yeri Elazığ
Yayıncı, Dağıtıcı, Vs Adı Elazığ Milli Eğitim Müdürlüğü
Yayın, Dağıtım, Vb Tarihi 2010
300 ## - FİZİKSEL TANIM
Kapsam 281 s.
Boyutlar 24 sm.
500 ## - GENEL NOT
Genel Not Dizin var.
650 ## - KONU KATMA GİRİŞ - TOPİKAL DÖNEM
Topikal Süreli Veya Coğrafi Ad Giriş Elemanı Eğitim
Genel Alt Bölümü Tarih
Coğrafi Alt Bölümü Türkiye
651 ## - KONU KATMA GİRİŞ - COĞRAFİ ADI
Coğrafi İsim Elazığ
Genel Alt Bölümü Eğitim ve öğretim
942 ## - EKLENDİ GİRİŞ ELEMANLARI (KOHA)
Sınıflandırma Veya Raf Düzeni Kaynak Dewey Decimal Classification
Koha Öğesi Türü Books
999 ## - SİSTEM KONTROL NUMARALARI (KOHA)
Koha Biblionumber 6352
Koha Biblioitemnumber 6352
Holdings
Kalıcı Konum Mevcut Konum Edinme Tarihi Edinim Kaynak Toplam Check-Out'Lar Tam Çağrı Numarası Barkod Tarih Son Görülme İtibaren Geçerli Fiyatlar Koha Öğesi Türü
CHP Kütüphanesi CHP Kütüphanesi 12/13/2016 Bağış   370.56653 E42 2010 010666 12/13/2016 12/13/2016 Books